|
|
|
|
| LEADER |
00000nam a2200000 a 4500 |
| 001 |
vtls010680960 |
| 003 |
SK-MaSNL |
| 005 |
20260302051353.0 |
| 008 |
240318s2013 xo da e n 000 0 eng |
| 015 |
|
|
|a SNBA2015/06
|
| 020 |
|
|
|a 9788055313511
|q (brož.)
|
| 035 |
|
|
|a BDC7138A-9946-4F1C-8ADD-DCA9A443652D
|
| 035 |
|
|
|a urn:nbn:sk:snk-amkrmp
|
| 035 |
|
|
|a urn:nbn:sk:snk-am005c8m
|
| 040 |
|
|
|a SNK
|b slo
|c SNK
|e AACR2
|
| 041 |
1 |
|
|a eng
|h slo
|
| 044 |
|
|
|a xo
|c SK
|
| 072 |
|
7 |
|a 33
|x Ekonómia
|2 konspekt
|
| 072 |
|
7 |
|a 330.5+338
|x Národné hospodárstvo a hospodárska politika
|2 konspekt
|
| 080 |
|
|
|a 330.101.541
|2 2001
|
| 080 |
|
|
|a 330.5+338
|2 2001
|
| 080 |
|
|
|a (075.8)
|2 2001
|
| 100 |
1 |
|
|a Vitko, Dušan
|4 aut
|9 10638
|
| 245 |
1 |
0 |
|a Macroeconomics and national economy
|c Dušan Vitko, Marcel Behún ; [preklad: Petra Gregušová]
|
| 246 |
3 |
0 |
|a Makroekonómia a národné hospodárstvo
|
| 250 |
|
|
|a 1. vyd.
|
| 260 |
|
|
|a V Košiciach
|b Technická univerzita
|c 2013
|
| 300 |
|
|
|a 101 s.
|b grafy, tab.
|c 29 cm
|
| 366 |
|
|
|e 50 výt.
|
| 504 |
|
|
|a Bibliogr. odkazy
|
| 650 |
0 |
7 |
|a makroekonómia
|2 SNKPH
|9 2298
|
| 650 |
0 |
7 |
|a Macroeconomics
|2 SNKPHeng
|9 311660
|
| 650 |
0 |
7 |
|a národné hospodárstvo
|2 SNKPH
|9 846
|
| 650 |
0 |
7 |
|a National economy
|2 SNKPHeng
|9 267613
|
| 655 |
|
7 |
|a učebnice vysokých škôl
|2 SNKPH
|9 70191
|
| 655 |
|
7 |
|a Textbooks (higher)
|2 SNKPHeng
|9 276436
|
| 700 |
1 |
|
|a Behún, Marcel,
|d 1977-
|4 aut
|9 117591
|
| 700 |
1 |
|
|a Gregušová, Petra
|4 trl
|9 706968
|
| 752 |
|
|
|a Slovensko
|d Košice
|
| 919 |
|
|
|a 978-80-553-1351-1
|
| 958 |
|
|
|a NB
|
| 958 |
|
|
|a OP
|
| 968 |
|
|
|a Eng
|b SLO
|
| 999 |
|
|
|c 1100879
|d 1102809
|
| 952 |
|
|
|a SNK
|b SNK
|y PREZ
|7 0
|p 17A1158795
|o snkSB 88325
|i snk2015/16466
|8 0
|0 0
|1 0
|4 0
|d 2015-05-22
|f 1
|l 0
|r 2025-05-13 00:00:00
|w 2026-02-24
|
| 952 |
|
|
|a SNK
|b SNK
|y VYP
|7 0
|p 17A1158796
|o snkSB 88325 D1
|i snk2015/16467
|8 0
|0 0
|1 0
|4 0
|d 2015-05-22
|l 0
|r 2026-02-24 17:29:22
|w 2026-02-24
|